000 00805cam a2200253 a 4500
020 _a9780078025327 (combined edition : alk. paper)
020 _a007802532X (combined edition : alk. paper)
020 _a9780077446499 (volume 1 : alk. paper)
020 _a0077446496 (volume 1 : alk. paper)
020 _a9780077446482 (volume 2 : alk. paper)
020 _a0077446488 (volume 2 : alk. paper)
040 _cDLC
082 0 0 _a657 MCG 2013 A115 Or.
100 1 _aSpiceland, J. David,
245 1 0 _aIntermediate accounting /
250 _a7th ed.
260 _aNew York :
_bMcGraw-Hill/Irwin,
_c2013.
300 _a1 v. (various pagings) :
_bcol. ill. ;
_c29 cm.
500 _aIncludes index.
650 0 _aAccounting.
700 1 _aSepe, James F.
700 1 _aNelson, Mark
942 _cAEDBB
999 _c17485
_d17485